Phát triển nguồn nhân lực : Kinh nghiệm thế giới và thực tiễn nước ta
Nền kinh tế đổi mới và vai trò của nguồn nhân lực. Chính sách phát triển nguồn nhân lực của một số nước trên thế giới và Việt nam, mức độ phát triển nguồn nhân lực hiện nay
Đã lưu trong:
| 主要作者: | |
|---|---|
| 格式: | 图书 |
| 语言: | Undetermined |
| 出版: |
Hà Nội
Chính trị quốc gia
1996
|
| 主题: | |
| 标签: |
添加标签
没有标签, 成为第一个标记此记录!
|
| Thư viện lưu trữ: | Trung tâm Học liệu Trường Đại học Cần Thơ |
|---|
| LEADER | 00968nam a2200217Ia 4500 | ||
|---|---|---|---|
| 001 | CTU_23954 | ||
| 008 | 210402s9999 xx 000 0 und d | ||
| 020 | |c 13500 | ||
| 082 | |a 331.7 | ||
| 082 | |b T513 | ||
| 100 | |a Trần, Văn Tùng | ||
| 245 | 0 | |a Phát triển nguồn nhân lực : | |
| 245 | 0 | |b Kinh nghiệm thế giới và thực tiễn nước ta | |
| 245 | 0 | |c Trần Văn Tùng, Lê Ái Lâm | |
| 260 | |a Hà Nội | ||
| 260 | |b Chính trị quốc gia | ||
| 260 | |c 1996 | ||
| 520 | |a Nền kinh tế đổi mới và vai trò của nguồn nhân lực. Chính sách phát triển nguồn nhân lực của một số nước trên thế giới và Việt nam, mức độ phát triển nguồn nhân lực hiện nay | ||
| 650 | |a Labor economics,Labor supply | ||
| 904 | |i Phượng,Nguyên | ||
| 980 | |a Trung tâm Học liệu Trường Đại học Cần Thơ | ||